[Event "Remote S7 Top 75 email"]
[Site "Remote email"]
[Date "2013.11.22"]
[Round "?"]
[White "Coche, Wilhelm"]
[Black "Maec, Michael"]
[Result "1/2-1/2"]
[WhiteElo "2504"]
[BlackElo "2479"]
[PlyCount "42"]
[EventDate "2013.??.??"]
[EventType "tourn (corr)"]
[EventRounds "6"]
[EventCountry "GER"]
[SourceTitle "Corr 2015"]
[Source "ChessBase"]
[SourceDate "2015.07.17"]
[SourceVersion "1"]
[SourceVersionDate "2015.07.17"]
[SourceQuality "1"]

1. e4 c5 2. Nf3 e6 3. Nc3 Nc6 4. d4 cxd4 5. Nxd4 Nf6 6. Ndb5 d6 7. Bf4 e5 8. Bg5 a6 9. Na3 Be6 10. Bxf6 Qxf6 11. Nd5 Qd8 12. Nc4 g6 13. h4 Bh6 14. h5 Rb8 15. Ncb6 Kf8 16. c3 Ne7 17. Bc4 Nxd5 18. Nxd5 b5 19. Bb3 a5 20. Ne3 Bxe3 21. fxe3 Qe7 1/2-1/2

[Event "Remote S7 Top 61 email"]
[Site "Remote email"]
[Date "2012.06.05"]
[Round "?"]
[White "Maec, Michael"]
[Black "Heinrich, Olaf Wittmund"]
[Result "1-0"]
[WhiteElo "2451"]
[BlackElo "2442"]
[PlyCount "81"]
[EventDate "2012.??.??"]
[EventType "tourn (corr)"]
[EventRounds "6"]
[EventCountry "GER"]
[SourceTitle "Corr 2015"]
[Source "ChessBase"]
[SourceDate "2015.07.17"]
[SourceVersion "1"]
[SourceVersionDate "2015.07.17"]
[SourceQuality "1"]

1. e4 e5 2. Nf3 Nc6 3. Bb5 a6 4. Bxc6 dxc6 5. 0-0 f6 6. d4 Bg4 7. c3 exd4 8. cxd4 Qd7 9. h3 Be6 10. Nc3 0-0-0 11. Bf4 g5 12. Bh2 h5 13. d5 cxd5 14. Rc1 Bd6 15. e5 fxe5 16. Nxe5 Qe8 17. Na4 Nf6 18. Qd4 Kb8 19. Nc5 Rh7 20. Nxa6+ bxa6 21. Nc6+ Kc8 22. Qxf6 Bxh2+ 23. Kxh2 Rd6 24. Qc3 g4 25. Qc2 Rxc6 26. Qxc6 Qxc6 27. Rxc6 Bd7 28. Rg6 gxh3 29. gxh3 Be8 30. Rg8 Re7 31. f4 Kd7 32. f5 Bf7 33. Rf8 d4 34. f6 Re2+ 35. Kg3 Ke6 36. Rc1 c5 37. Rxc5 Kxf6 38. Rc7 Re7 39. Rxe7 Kxe7 40. Rxf7+ Kxf7 41. Kf4 1-0

[Event "Remote S7E High-117 email"]
[Site "Remote email"]
[Date "2011.12.27"]
[Round "?"]
[White "Maec, Michael"]
[Black "Fleury, Flavio"]
[Result "1/2-1/2"]
[WhiteElo "2454"]
[BlackElo "2303"]
[PlyCount "40"]
[EventDate "2011.??.??"]
[EventType "tourn (corr)"]
[EventRounds "6"]
[EventCountry "GER"]
[SourceTitle "Corr 2015"]
[Source "ChessBase"]
[SourceDate "2015.07.17"]
[SourceVersion "1"]
[SourceVersionDate "2015.07.17"]
[SourceQuality "1"]

1. d4 Nf6 2. c4 e6 3. Nf3 d5 4. Nc3 Bb4 5. Bg5 Nbd7 6. e3 c5 7. Bd3 cxd4 8. exd4 Bxc3+ 9. bxc3 Qc7 10. Qb3 dxc4 11. Bxc4 b6 12. 0-0 0-0 13. Bh4 Bb7 14. Bg3 Qc8 15. Rfe1 Bxf3 16. gxf3 Nb8 17. Bd3 Nc6 18. Rac1 Qd7 19. Red1 Rfd8 20. Kg2 Qb7 1/2-1/2